000 00346nam a2200157Ia 4500
003 0STCL
008 150530s9999 xx 000 0 und d
040 _aSTCL
_cSTCL
100 _aCherayil, J.D.
245 _aGene and the genetic code
260 _c1979
546 _aEnglish
942 _2ddc
_cBK
999 _c38746
_d38746
005 20220125170446.0